| 000 | 00362 a2200169 4500 | ||
|---|---|---|---|
| 001 | 185806 | ||
| 020 | _a85-15-00049-0 | ||
| 040 | _cMagnum | ||
| 100 | _aAlves, Rubem | ||
| 240 | 1 | 0 |
_aO escorpião e a rã _lpor |
| 245 | 1 | 0 | _aO escorpião e a rã |
| 300 | _a15 | ||
| 362 | 0 | _a1997 | |
| 440 | 1 | _aLoyola | |
| 697 | _aLITERATURA INFANTO-JUVENIL | ||
| 942 | _cBK | ||
| 999 |
_c185806 _d185806 |
||